Statistiques concernant Les 20 livres ayant le plus d'exemplaires dans le monde

Cliquez ici pour prendre le quiz!

Statistiques générales

  • Ce quiz a été pris 63 fois
  • Le résultat moyen est 7 sur 20

Statistiques - réponses

ExemplairesAuteur(e)Titre% Correct
5 000 000 000XLa Bible
97%
3 000 000 000XLe Coran
95%
150 000 000Antoine de Saint-ExupéryLe Petit Prince
78%
150 000 000J.R.R. TolkienLe Seigneur des Anneaux
76%
120 000 000J.K. RowlingHarry Potter à l’école des sorciers
63%
500 000 000Miguel de CervantesDon Quichotte de la Manche
56%
60 000 000J.K. RowlingHarry Potter et la Chambre des Secrets
51%
100 000 000J.R.R. TolkienLe Hobbit
51%
65 000 000J.K. RowlingHarry Potter et le Prince de Sang mêlé
31%
80 000 000Dan BrownThe Da Vinci Code
27%
100 000 000Agatha ChristieDix Petits Nègres
20%
65 000 000Paulo CoelhoL’Alchimiste
15%
85 000 000C. S. LewisLe Lion, la Sorcière blanche et l’Armoire magique
14%
83 000 000Henry Rider HaggardElle
12%
60 000 000J. D. SalingerL'attrape-coeurs
12%
100 000 000Cao XueqinLe rêve dans le Pavillon rouge
2%
800 000 000XLes Citations du Président Mao Tse-Toung
2%
70 000 000Napoleon HillRéfléchissez et devenez riche
2%
200 000 000Charles DickensUn conte de deux villes
2%
400 000 000XXinhua Zidian
2%

Distribution des résultats

Percentile par nombre de réponses

% des personnes avec chaque résultat

Votre développement - résultats

Vous n’avez pas pris ce quiz